| 000 | 00900nam a2200277 i 4500 | ||
|---|---|---|---|
| 001 | bg | ||
| 100 | 1 | _aKOCWA-HALUCH, Renata | |
| 245 | 1 | 0 |
_aWirusologia w inżynierii środowiska : _bpodręcznik dla studentów wyższych szkół technicznych / _cRenata Kocwa-Haluch ; Politechnika Krakowska im. Tadeusza Kościuszki. |
| 260 |
_aKraków : _bWydaw. PK, _c2002. |
||
| 300 |
_a107 s. : _bil. ; _c24 cm. |
||
| 504 | _aBibliogr. | ||
| 650 | 9 | _aChoroby wirusowe | |
| 650 | 9 | _aWirusy | |
| 650 | 9 |
_aPowietrze _xmikrobiologia |
|
| 650 | 9 |
_aŚcieki _xmikrobiologia |
|
| 650 | 9 |
_aWoda _xmikrobiologia |
|
| 655 | _aPodręczniki akademickie | ||
| 710 | 0 | _aPolitechnika Krakowska im. Tadeusza Kościuszki | |
| 020 | _a8372422184 | ||
| 040 | _cBPK | ||
| 041 | 0 | _apol | |
| 080 | _a616.9:578:579.68:614.7](075.8) | ||
| 920 | _a83-7242-218-4 | ||
| 942 | _cKS | ||
| 008 | s pl f |000 0 pol | ||
| 999 |
_c42671 _d42671 |
||
| 856 |
_uhttp://koha.tu.koszalin.pl/cgi-bin/koha/opac-detail.pl?biblionumber=42671 _yKatalog online BPK |
||